#1 Hits der 1990er-Jahre in Österreich - Statistiken

Allgemein
  • Dieses Quiz wurde 292 mal gespielt
  • Das Durchschnittsergebnis liegt bei 30 aus 94
Antwortstatistiken
Nr.1-Hits Künstler % Korrekt
1 Britney Spears
86%
1 Céline Dion
77%
2 Backstreet Boys
75%
1 Stefan Raab & Truckstop
75%
1 Lou Bega
68%
1 Die Toten Hosen
66%
1 Scorpions
64%
1 Die Ärzte
63%
1 Die Fantastischen Vier
63%
1 Eiffel 65
63%
1 Elton John
63%
1 Whitney Houston
63%
1 Coolio feat. L.V.
61%
1 Matthias Reim
59%
2 Oli.P
58%
3 Rednex
57%
1 Christina Aguilera
53%
1 Scatman John
52%
1 Aerosmith
51%
1 Bryan Adams / Rod Stewart / Sting
51%
1 Fools Garden
51%
1 Bruce Springsteen
50%
1 Sinéad O'Connor
50%
2 Bryan Adams
49%
1 Dr. Alban
45%
1 Dr. Alban feat. Leila K.
45%
1 Liquido
44%
1 Meat Loaf
44%
1 Ace of Base
43%
1 Roxette
43%
1 4 Non Blondes
42%
1 The Kelly Family
42%
1 Haddaway
41%
1 Andrea Bocelli feat. Sarah Brightman
40%
1 Snap!
39%
1 Hanson
38%
1 The Fugees
38%
1 Puff Daddy / Faith Evans/ 112
36%
1 Los Del Rio (Bayside Boys Remix)
35%
1 U 96
35%
1 Tic Tac Toe
34%
1 Emilia
33%
1 Mariah Carey
33%
1 Cher
31%
1 Culture Beat
31%
1 Right Said Fred
31%
1 Mr. President
30%
1 Erste Allgemeine Verunsicherung
28%
1 Toni Braxton
28%
1 Milli Vanilli
25%
1 Robert Miles
25%
1 Wes
25%
1 Mo-Do
23%
1 Edelweiss
21%
1 2 Unlimited
20%
1 David Hasselhoff
20%
1 Mr. Big
20%
1 Rainhard Fendrich
20%
1 UB40
20%
1 Mr. Oizo
18%
1 Salt 'n' Pepa
18%
1 Spice Girls
18%
1 Wet Wet Wet
18%
1 All-4-One
17%
1 DNA & Suzanne Vega
17%
1 Charles & Eddie
15%
1 Nick Kamen
14%
1 Enigma
13%
1 Lucilectric
13%
1 Pras Michel feat. Mýa & Ol' Dirty Bastard
13%
2 A klana Indiana
12%
1 Kate Yanai
11%
1 Sin with Sebastian
11%
1 Londonbeat
10%
1 OMC
10%
1 Des'ree
9%
1 Die Schröders
9%
1 Midge Ure
9%
1 Technohead
9%
1 Babylon Zoo
8%
1 Chesney Hawkes
8%
1 Erasure
8%
1 Laid Back
8%
1 Cappella
7%
1 The Rigtheous Brothers
7%
1 C+C Music Factory feat. Freedom Williams
6%
1 E Nomine
6%
1 Lisa Stansfield
6%
1 The KLF
6%
1 No Mercy
5%
1 Unique 2
4%
1 Los Umbrellos
3%
1 Double Vision
2%
1 Power Pack
2%
Keine übereinstimmenden Quizze gefunden
Verteilung der Resultate
Anzahl Personen mit jedem Resultat
Perzentil nach korrekt beantworteten Fragen
Ihre Resultats-Entwicklung
Sie haben dieses Quiz noch nicht gespielt